000 00673cam a2200241 a 4500
003 OSt
005 20140310182446.0
008 971202s1999 nyua 001 0 eng
020 _a9781429218153
020 _a1429218150
050 0 0 _aQD 101.2
_b.H313 2010
100 1 _aHarris, Daniel C.
_d1948-
_97806
245 1 0 _aQuantitative Chemical Analysis /
_cDaniel C. Harris.
250 _a8th ed.
260 _aNew York :
_bW.H. Freeman,
_cc2010.
300 _a719 p. :
_bill. (some col.) ;
_c28 cm.
650 0 _aChemistry, Analytic
_xQuantitative.
_97807
942 _2lcc
_cSSLC
999 _c13613
_d13613